| 000 | 00863nam a2200313 a 4500 | ||
|---|---|---|---|
| 003 | AR-BaBNM | ||
| 005 | 20251128203446.0 | ||
| 008 | 082120s2002 ||||||||||||||000 | spa|| | ||
| 040 | _cAR-BaBNM | ||
| 100 | 1 | _aMenéndez Pidal, Ramón | |
| 245 | 0 | 0 |
_aLos godos y la epopeya española _b"chansons de geste" y baladas nórdicas |
| 260 |
_aMadrid _bEspasa-Calpe _c1956 |
||
| 300 | _a256 p. | ||
| 490 | 0 |
_aAustral _vv. 1275 |
|
| 650 | 4 | _aTRADICION ORAL | |
| 650 | 4 | _aLITERATURA ESPAÑOLA | |
| 650 | 4 | _aHISTORIA LITERARIA | |
| 650 | 4 | _aLITERATURA MEDIEVAL | |
| 650 | 4 | _aCRITICA LITERARIA | |
| 650 | 4 | _aINVESTIGACION LITERARIA | |
| 650 | 4 | _aLITERATURA POPULAR | |
| 650 | 4 | _aCOSTUMBRES Y TRADICIONES | |
| 650 | 4 | _aLITERATURA FOLKLORICA | |
| 653 | _aHISTORIA ESPAÑOLA | ||
| 653 | _aEPICA | ||
| 655 | _aLITERATURA | ||
| 942 | _cBK | ||
| 998 | _cMARTIN | ||
| 999 |
_c3477 _d3477 |
||